The greatest challenge? (Record no. 77860)
[ view plain ]
| 000 -LEADER | |
|---|---|
| fixed length control field | 00909cab a2200193 4500 |
| 001 - CONTROL NUMBER | |
| control field | ##L135301 |
| 008 - FIXED-LENGTH DATA ELEMENTS--GENERAL INFORMATION | |
| fixed length control field | 061010n2006 000 0 eng u |
| 035 ## - SYSTEM CONTROL NUMBER | |
| System control number | (Sirsi) u135301 |
| 041 0# - LANGUAGE CODE | |
| Language code of text/sound track or separate title | eng |
| 100 1# - MAIN ENTRY--PERSONAL NAME | |
| Personal name | Grundon, Tim |
| 245 04 - TITLE STATEMENT | |
| Title | The greatest challenge? |
| 260 ## - PUBLICATION, DISTRIBUTION, ETC. | |
| Date of publication, distribution, etc. | 2006 |
| 490 #0 - SERIES STATEMENT | |
| Series statement | Project |
| Volume/sequential designation | 19(4) October 2006, 10-11(2) |
| 520 ## - SUMMARY, ETC. | |
| Summary, etc. | Looks at selected results from the APM survey of project management which asked respondents to estimate the success of their project in four areas (budget, completion time, scope, business benefits) using original and change controlled targets. Overall figures show that around 90% of all projects meet their change-controlled targets, although the completion of projects on time presents the biggest challenge to project managers. Table and graph. |
| 590 ## - LOCAL NOTE (RLIN) | |
| Local note | IKA171006 |
| 651 #4 - SUBJECT ADDED ENTRY--GEOGRAPHIC NAME | |
| Geographic name | United Kingdom |
| Chronological subdivision | |
| 690 ## - LOCAL SUBJECT ADDED ENTRY--TOPICAL TERM (OCLC, RLIN) | |
| Topical term or geographic name as entry element | Project management |
| 9 (RLIN) | 6261 |
| 942 ## - ADDED ENTRY ELEMENTS (KOHA) | |
| Suppress in OPAC | 0 |
| Withdrawn status | Lost status | Source of classification or shelving scheme | Damaged status | Not for loan | Home library | Current library | Shelving location | Date acquired | Total Checkouts | Full call number | Barcode | Date last seen | Copy number | Price effective from | Koha item type |
|---|---|---|---|---|---|---|---|---|---|---|---|---|---|---|---|
| Dewey Decimal Classification | London | London | Journal article | 10/10/2006 | L135301 | 135301-1001 | 06/08/2019 | 1 | 06/08/2019 | Journal article |